MDQL
is popping MORE tags! Check the
thread
!
Quizzes
Events
Quiz Creation
Community
Videos
Private Events
Remove Ads
Sign In
Join for FREE
Feedback
Dark Mode
Quiz Categories
Sports
Geography
Music
Movies
Television
Just For Fun
Miscellaneous
History
Literature
Language
Science
Gaming
Entertainment
Religion
Holiday
For Kids
Quiz Lab
Recent
Popular Today
Quiz Kudos Today
Editor Picks
Curator Picks
Quizzes by...
Day
Popularity
Type
Ratings
Length
Year
Community
Subscriptions
Recent Discussions
Orange Saloon
Badges
Playlists
Quests
Create
Leaderboards
Showdown
Live 5
Trivia Bingo
Activity
Puzzle Library
Sporcle Events
Private Events
Virtual Trivia
Globe League
Become a Host
Pub Owners
SporcleCon
Opinionation
Our Games
Videos
Blog
Mobile Apps
Partnerships
Remove Ads and Go Orange
Feedback
Miscellaneous
Crossword
General Knowledge
Baby Names
Logo
Food
Cars
Numbers
Grab Bag
University
College
Popular
Company
Slogans
Restaurants
Justice
Letter
Miscellaneous
Crossword
General Knowledge
Baby Names
Logo
Food
Cars
Numbers
Grab Bag
University
College
Popular
Company
Slogans
Restaurants
Justice
Letter
Random Quiz
Search Sporcle
×
Curator Pick
Curator Pick
Miscellaneous
Cars
Click on answers out of a set of options
Click on answers out of a set of options
Multiple Choice
Best Score? Go Orange.
Get the Picture: Ferrari vs Lamborghini Stats
Can you pick the car that belongs to either Ferrari or Lamborghini?
By
Lukedude
5m
16 Questions
3,771 Plays
3,771 Plays
3,771 Plays
Comments
Comments
Give Quiz Kudos
Give Quiz Kudos
-
- Ratings
hide this ad
Replay
Link that replays current quiz
Next Quiz
Link to next quiz in quiz playlist
You Got
0%
They Got
Avg Score
82%
Avg Friend Score
Upgrade to see
Score Distribution
Jump to the score distribution portion of the page
Score
0/16
Timer
05:00
0
Plays Today
Question
Answer
Wrong Answers
LaFerrari
92.3%
3.7%
F50
90.6%
5.2%
F12 TDF
89.7%
6.4%
458 Italia
86.3%
9.7%
Aventador
85.2%
11%
Huracán
84.5%
11.3%
Gallardo
84.2%
12%
Enzo
83.6%
12.6%
288 GTO
82.3%
13.7%
Diablo
81.5%
14.4%
Veneno
78.7%
17%
Miura
77.8%
18.1%
California T
77.7%
18.1%
Testarossa
76.4%
19.2%
LM002
71.8%
24.2%
Espada
70%
26%
Quiz Playlist
Details
Report
Send in Message
Add To Playlist
Multiple Choice:
Click on answers out of a set of options
Last Updated: Apr 15, 2019
Curator Pick in
Cars
Quiz Scoreboard
CHALLENGE
Sign Up to Join the Scoreboard
Show All
Scores
Hide
Comments
May contain spoilers
Recently Published
Holiday 10x10 Sorting Gallery
by lukepisani3
Holiday
15m
Two Season TV Shows II
by 123Four
Television
10m
Image Sorting: Flags VI
by Barbecue
Geography
2m
More to Explore
Quiz From the Vault
Featured Blog Post
14 Easter Pick-up Lines to Find Eggs With
hide this ad
You Might Also Like...
Tags
Cars Quiz
Italian Quiz
car
Exotic
Fastest Cars
Ferrari
lamborghini
Sports Cars
Vehicles
Today's Top Quizzes in Miscellaneous
Browse Miscellaneous
hide this ad
Today's Top Quizzes in Cars
Browse Cars
Top Contributed Quizzes in Miscellaneous
1
The JOE quick-fire general knowledge quiz: Day 174
2
9x9 Crossword: Disney Movie Titles
3
5-to-1: Fast Food
4
The JOE quick-fire general knowledge quiz: Day 173
5
9x9 Crossword: Charlie and the Chocolate Factory
6
9x9 Crossword: The Simpsons
7
9x9 Crossword: Flags
8
9x9 Crossword: Actors
9
9x9 Crossword: 2022 Movies
10
9x9 Crossword: Pixar Movie Titles
Explore More
Trending Topics
Anime
NBA
Harry Potter
Crossword
Kpop
Marvel
Disney
Country
WWE
The Office
NFL
Soccer
Song
Puzzle
Pokémon
hide this ad
More By:
Lukedude
Quiz
Plays
Rating
Category
Featured
Created
Ariana Grande Albums
29,842
4.53
Music
Jul 1, 2018
What Does NCAA Stand For?
26,183
4.20
Sports
Jul 14, 2018
What Does USB Stand For?
23,976
4.40
Science
Jul 24, 2018
Six Flags Over Texas
21,531
4.69
History
Jan 3, 2019
What Does NATO Stand For?
18,057
4.43
History
Jul 12, 2018
Go to Creator's Profile
Score Distribution
Quiz Creator Spotlight
Lukedude
Follow
Send a Message
Quizzes Created
-
Created Quiz Play Count
-
More By This Creator
Popular Quizzes Today
1
Find the US States - No Outlines Minefield
2
Colored Red Africa Blitz
3
Find the 'City' Movie
4
The Countries of the World
5
5x2 Blitz: Bands
6
Find the Countries of Europe - No Outlines Minefield
7
Find the US States
8
US States
More Miscellaneous Quizzes
Math Ops
Published
Trending Quizzes
Colored Red Europe Blitz I
Colored Red Africa Blitz II
Colored Red Europe Blitz II
Even More Two Season TV Shows
Colored Red Africa Blitz III
Recently Updated
Odd Team Out - Big 4 Players
pecheneg
Quick Pick: 20 Twenties
pecheneg
March Madness Men's Triple Doubles
pecheneg
How Do You Spell That?
pecheneg
Godzilla Movies
pecheneg
Grab Bag: 4-10 Letters
pecheneg
2024 March Madness Bracket
pecheneg
Famous TV Couples
Peacemaker
Champions League XIs: Real Madrid
pecheneg
Largest US Cities 1790-2010
pecheneg
Trending Topics
Marvel
Harry Potter
Crossword
Disney
NBA
Kpop
Anime
NFL
Country
Song
The Office
WWE
Soccer
Pokémon
Puzzle
Your Account Isn't Verified!
In order to create a playlist on Sporcle, you need to verify the email address you used during registration. Go to your
Sporcle Settings
to finish the process.
Report this User
Report this user for behavior that violates our
Community Guidelines
.
Details:
Send Report
Go to the Sporcle.com Mobile Site →
Comments